000 00559nam a2200205 a 4500
001 BRCA_4867
005 20190320204833.0
008 141010s1827----fr-#######---#000-0#spa-#
041 _aspa
044 _asp
050 4 _aPQ6510
_b.C33 1827
100 1 _aCadalso, José de
_912317
245 1 0 _aCartas marruecas
_cpor el José de Cadalso.
260 _aParís
_bBobée é Hingray, Libreros
_c1827
300 _a306 p.
_c14 cm.
500 _aIncluye catálogo de libros españoles
650 1 4 _aCartas
_zMarruecos
_912318
902 _aCERV
942 _2lcc
_cB
999 _c4561
_d4561